| 000 | 00779nam a2200265Ia 4500 | ||
|---|---|---|---|
| 003 | GCL | ||
| 008 | 140319s9999 xx 000 0 ara d | ||
| 040 |
_aGCL / _cGCL |
||
| 082 | 0 | 4 |
_a809.916 _bك ت |
| 100 | 1 | _aكامل يوسف حسين | |
| 245 | 1 | 0 |
_aالتراجيديا والفلسفة / _cكامل يوسف حسين |
| 700 | 1 | _aكاوفمان , والتر | |
| 260 |
_a[S.N] : _bالمؤسسة العربية للدراسات والنشر |
||
| 300 | _a414 ص | ||
| 490 | _a | ||
| 650 | 0 | 4 | _aالفلسفة |
| 650 | 0 | 4 | _aالادب |
| 650 | 0 | 4 | _aالشعر |
| 650 | 0 | 4 | _aالفلسفة فى الادب |
| 650 | 0 | 4 | _aالفلاسفة |
| 650 | 0 | 4 | _aالشعر الفلسفى |
| 650 | 0 | 4 | _aالمأساة |
| 650 | 0 | 4 | _aتاريخ ونقد |
| 942 |
_2ddc _cBK |
||
| 999 |
_c28389 _d28389 |
||